[Event "MCR mladeze 2019 - D14"]
[Site "Kouty nad Desnou"]
[Date "2019.03.11"]
[Round "4"]
[White "Stastna, Alena"]
[Black "Smajzrova, Dominika"]
[Result "0-1"]
[WhiteElo "1126"]
[BlackElo "1400"]
[EventDate "2019.03.09"]

1. e4  e5  2. Nf3  Nc6
3. Bb5  Nf6  4. Nc3
Bb4  5. a3  Bxc3
6. dxc3  Nxe4  7. Qd5
Nf6  8. Qc5  b6
9. Qe3  O-O  10. O-O  Re8
11. Bxc6  dxc6  12. Nxe5
Qd5  13. Re1  Nd7
14. f4  f6  15. c4
Qc5  16. Qxc5  Nxc5
17. Nf3  Bg4  18. Rxe8+
Rxe8  19. Nd4  Bd7
20. Bd2  Re4  21. Nb3
Rxc4  22. Nxc5  Rxc5
23. c3  Rd5  24. Be3
c5  25. b4  Rd3
26. Kf2  Rxc3  27. Rd1  Bg4
28. Rd8+  Kf7  29. Ra8
Rxa3  30. bxc5  b5
31. Rb8  c6  32. Rb7+
Kg6  33. Rc7  b4
34. Rxc6  b3  35. Bd4
Ra2+  36. Kg3  h5
37. Rd6  b2  38. Bxb2
Rxb2  39. c6  a5
40. c7  Rc2  41. h3
Bf5  42. Ra6  Rxc7
43. Rxa5  Rc3+  44. Kh4
Be4  45. Rxh5  Bxg2
46. f5+  Kf7  47. Kg4
Bf3+  48. Kg3  Bxh5+
49. Kh4  g6  50. fxg6+
Bxg6  51. Kg4  Bh5+
52. Kh4  Ke6  53. Kxh5
Rxh3+  54. Kg4  Rh1
55. Kf3  Ke5  56. Ke3
Rh4  57. Kf3  Re4
58. Kg3  Rf4  59. Kg2
Kf5  60. Kh1  Rg4
0-1

[Event "MCR mladeze 2019 - D14"]
[Site "Kouty nad Desnou"]
[Date "2019.03.11"]
[Round "4"]
[White "Sulcova, Tereza Radmila"]
[Black "Vlachynska, Lilian"]
[Result "1-0"]
[WhiteElo "1268"]
[BlackElo "1108"]
[EventDate "2019.03.09"]

1. e4  e5  2. Nc3  Nf6
3. f4  d6  4. Nf3
Nc6  5. Bc4  Be7
6. d3  Bg4  7. h3
Bh5  8. g4  Nxg4
9. hxg4  Bxg4  10. Be3
Qd7  11. f5  g6
12. d4  Bf6  13. d5  Ne7
14. Be2  gxf5  15. exf5
Nxf5  16. Bb5  c6
17. dxc6  bxc6  18. Nd5
Bd8  19. Ba4  e4
20. Bd4  Bxf3  21. Qd2
Bxh1  22. Bxh8  Kf8
23. O-O-O  h6  24. Rxh1
Bg5  25. Nf4  e3
26. Qb4  a5  27. Qc4
e2  28. Kb1  d5
29. Qc5+  Kg8  30. Qg1  Re8
31. Bc3  Kf8  32. Qc5+
Kg8  33. Rg1  Qc7
34. Nh3  Qg3  35. Qf2
Qxh3  36. Bxc6  Re7
37. Bb5  Kh7  38. Bd3
Kg6  39. Bxe2  Qe3
40. Qxe3  Rxe3  41. Bd3
Rf3  42. Bxa5  h5
43. Bd2  f6  44. a4
Kh6  45. Bb4  h4
46. a5  Be3  47. Rh1
Kg5  48. Be1  h3
49. Be2  Ng3  50. Bxf3
Nxh1  51. Bxh1  f5
52. b4  Kg4  53. b5
f4  54. b6  f3
55. b7  Ba7  56. Bf2  Bxf2
57. b8=Q  Bg3  58. Qg8+
Kh4  59. Bxf3  h2
60. Qg4#  1-0

[Event "MCR mladeze 2019 - D16"]
[Site "Kouty nad Desnou"]
[Date "2019.03.11"]
[Round "4"]
[White "Otrubova, Kristyna"]
[Black "Gregurkova, Nikola"]
[Result "1/2-1/2"]
[WhiteElo "1680"]
[BlackElo "1687"]
[EventDate "2019.03.09"]

1. e4  e5  2. Nf3  Nc6
3. Bc4  Nf6  4. d3
Be7  5. O-O  O-O
6. Bg5  d6  7. h3
Na5  8. Bb3  Nxb3
9. axb3  c5  10. Nc3
Be6  11. Nd2  Ne8
12. Bxe7  Qxe7  13. Qe2
Nc7  14. Nd1  1/2-1/2

[Event "MCR mladeze 2019 - D16"]
[Site "Kouty nad Desnou"]
[Date "2019.03.11"]
[Round "4"]
[White "Huskova, Agata"]
[Black "Rolinkova, Lucie"]
[Result "1/2-1/2"]
[WhiteElo "1406"]
[BlackElo "1639"]
[EventDate "2019.03.09"]

1. e4  d5  2. exd5  Qxd5
3. Nc3  Qa5  4. d4
Nf6  5. Nf3  Bf5
6. Bc4  e6  7. O-O
Nbd7  8. a3  c6
9. Bf4  Qd8  10. Re1  Nb6
11. Bb3  Bd6  12. Bxd6
Qxd6  13. Ne5  O-O
14. Ne2  c5  15. Nf3
c4  16. Ba2  Bg4
17. Ne5  Bxe2  18. Rxe2
Rac8  19. c3  Rfd8
20. Qd2  Nfd5  21. Rae1
Re8  22. Re4  Qe7
23. Bb1 Qd8 1/2-1/2

[Event "MCR mladeze 2019 - D16"]
[Site "Kouty nad Desnou"]
[Date "2019.03.11"]
[Round "4"]
[White "Dvorakova, Olga"]
[Black "Vavrinkova, Anna"]
[Result "1-0"]
[WhiteElo "1715"]
[BlackElo "1543"]
[EventDate "2019.03.09"]

1. d4 d5 2. c4 c6 3. Nc3 Nf6 4. Nf3 e6 5. e3 Nbd7 6. Qc2 Be7 7. b3 a6 8. Bb2 O-O
9. Be2 Qc7 10. O-O c5  11. cxd5  exd5
12. dxc5  Nxc5  13. Na4
Qc6  14. Ba3  Nxa4
15. Qxc6  bxc6  16. Bxe7
Re8  17. Bxf6  gxf6
18. bxa4  1-0

[Event "MCR mladeze 2019 - D16"]
[Site "Kouty nad Desnou"]
[Date "2019.03.11"]
[Round "4"]
[White "Otahalova, Nela"]
[Black "Steinova, Kamila"]
[Result "1/2-1/2"]
[WhiteElo "1343"]
[BlackElo "1378"]
[EventDate "2019.03.09"]

1. d4 d5 2. c4 e6 3. Nf3 Nf6 4. g3 Be7 5. Bg2 b6 6. Nbd2 Bb7 7. O-O Nbd7 8. b3
O-O 9. Bb2 c5 10. e3 h6 11. Rc1 Rc8 12. Qe2 Re8 13. Rfd1 Ba6 14. Qe1 Bd6 15. Ne5
Qe7 16. Nxd7 Qxd7 17. dxc5 Bxc5 18. Bxf6 gxf6 19. cxd5 exd5 20. Ne4 Be7 21. Nc3
Bb7 22. Nxd5 Rxc1 23. Nxe7+ Rxe7 24. Rxc1 Bxg2 25. Kxg2 Qb7+ 26. Kg1 Re5 27. Qd1
Rc5 28. Rxc5 bxc5 29. Qg4+ Kh8 30. Qc4 Kg7 31. Qxc5 Qd7 32. Qc4 Qd1+ 33. Kg2 Qd7
34. h3 Qb7+ 35. f3 Qb6 36. Qb5 Qxb5 1/2-1/2

[Event "MCR mladeze 2019 - D16"]
[Site "Kouty nad Desnou"]
[Date "2019.03.11"]
[Round "4"]
[White "Souckova, Viktorie"]
[Black "Leksova, Sona"]
[Result "0-1"]
[WhiteElo "1159"]
[BlackElo "1432"]
[EventDate "2019.03.09"]

1. e4 d5 2. exd5 Qxd5 3. Nc3 Qa5 4. Bc4 Nf6 5. Nf3 Bg4 6. h3 Qh5 7. Nb5 Na6 8. d3
Bxf3 9. Qxf3 Qxf3 10. gxf3 e6 11. Bf4 c6 12. Nd6+ Bxd6 13. Bxd6 Nd5 14. Rg1 g6
15. O-O-O O-O-O 16. Bxa6 Rxd6 17. Bc4 Nf4 18. Rh1 g5 19. h4 Ne2+ 20. Kd2 Nd4 21.
h5 Nxf3+ 22. Kc1 h6 23. Rh3 Ne5 24. Rf1 Rd4 25. c3 Rf4 26. Re3 Nxc4 27. dxc4 Rxc4
28. Rf3 f5 29. Re1 Kd7 30. Rd3+ Ke7 31. Red1 Kf6 32. Rd7 Ra4 33. Rxb7 Rxa2 34.
Rdd7 g4 35. Rbc7 Ra6 36. Rd3 Kg5 37. Rg7+ Kf6 38. Rg6+ Ke7 39. f3 gxf3 40. Rxf3
c5 41. Kc2 Rb6 42. Rg7+ Kf6 43. Rxa7 Rg8 44. Rh7 Rg2+ 45. Kd3 Rgxb2 46. Rxh6+ Kg5
47. Rg6+ Kxh5 48. Rg1 Rh2 49. Rg8 Rb7 50. Rfg3 Rh7 51. Ke3 Kh4 52. Rg1 Rh3+ 53.
Kd2 c4 54. R8g6 Rd7+ 55. Ke2 Rh2+ 56. Ke1 Kh5 57. Rxe6 Ra7 58. Rd6 Ra1+ 59. Rd1
Rxd1+ 60. Kxd1 f4 61. Rg8 Rh4 62. Ke2 Rg4 63. Rh8+ Kg5 64. Rg8+ Kh4 65. Rf8 Kg3
66. Rf7 Rg6 67. Rf5 Re6+ 0-1

[Event "MCR mladeze 2019 - D16"]
[Site "Kouty nad Desnou"]
[Date "2019.03.11"]
[Round "4"]
[White "Markova, Katerina"]
[Black "Saskova, Renata"]
[Result "0-1"]
[WhiteElo "1097"]
[BlackElo "1284"]
[EventDate "2019.03.09"]

1. e4 c5 2. Nf3 d6 3. d4 cxd4 4. Nxd4 e6 5. Nc3 Nf6 6. g4 h6 7. Rg1 Bd7 8. h4 Nc6
9. g5 hxg5 10. hxg5 Ng8 11. Be3 a6 12. Qd2 Qc7 13. O-O-O O-O-O 14. Nxc6 Bxc6 15.
Ba7 Kd7 16. Be2 b6 17. g6 fxg6 18. Rxg6 Rh6 19. e5 Rxg6 20. exd6 Qxa7 21. Qf4 Nf6
22. Qe3 Nd5 23. Qf3 Rf6 24. Qh3 Kc8 25. Nxd5 Bxd5 26. Rxd5 Rxd6 27. Rxd6 Bxd6 28.
Qh8+ Bf8 29. Qg8 b5 30. Bg4 Kc7 31. Bxe6 Qxf2 32. Bg4 Qe1+ 33. Bd1 Rf1 34. Qd5 g5
35. Qd4 Kc6 36. a3 Kb7 37. Qd7+ Kb6 38. Qd4+ Bc5 39. Qd8+ Kc6 40. Qc8+ Kd5 41.
Qg4 Be3+ 42. Kb1 Qxd1+ 43. Qxd1+ Rxd1+ 0-1

[Event "MCR mladeze 2019 - D16"]
[Site "Kouty nad Desnou"]
[Date "2019.03.11"]
[Round "4"]
[White "Laurincova, Kristyna"]
[Black "Vsetulova, Viktorie"]
[Result "1-0"]
[WhiteElo "2108"]
[BlackElo "1306"]
[EventDate "2019.03.09"]

1. e4 e5 2. Bc4 Nf6 3. d3 Nc6 4. c3 Bc5 5. Nf3 d6 6. Bb3 O-O 7. O-O a6 8. Nbd2 b5
9. h3 Bb6 10. Re1 Ne7 11. a4 Bb7 12. a5 Ba7 13. Nf1 c5 14. Ng3 Nc6 15. Nf5 Nxa5
16. Nxd6 Qxd6 17. Rxa5 Rad8 18. Be3 Bb8 19. Bc2 Qc6 20. Qe2 Rfe8 21. Nh4 c4 22.
dxc4 bxc4 23. Rc5 Qe6 24. Qxc4 Qe7 25. Nf5 Qd7 26. Ba4 Qe6 27. Bxe8 Qxe8 28. Bg5
Ba7 29. Rc7 Rb8 30. Nd6 1-0

[Event "MCR mladeze 2019 - D16"]
[Site "Kouty nad Desnou"]
[Date "2019.03.11"]
[Round "4"]
[White "Tutkova, Ludmila"]
[Black "Jankovska, Hana"]
[Result "0-1"]
[WhiteElo "1133"]
[BlackElo "1164"]
[EventDate "2019.03.09"]

1. b3 f5 2. Bb2 Nc6 3. Nf3 d6 4. e3 e5 5. Bb5 Bd7 6. d4 e4 7. Nfd2 Nf6 8. f3 d5
9. c4 Nb4 10. Bxd7+ Qxd7 11. O-O Nd3 12. Ba3 Bxa3 13. Nxa3 g5 14. cxd5 O-O-O 15.
fxe4 Nxe4 16. Ndc4 Nb4 17. Ne5 Qxd5 18. Rxf5 Rhf8 19. Qf3 Rxf5 20. Qxf5+ Kb8 21.
Qxh7 c5 22. Nb5 a6 23. Qc7+ Ka8 24. Nf7 Rf8 25. Nbd6 cxd4 26. Rd1 Nxd6 27. Nxd6
Nxa2 28. Nc4 Qf5 29. Qg3 Nc3 30. Re1 Ne2+ 31. Kh1 Qf1+ 32. Rxf1 Rxf1# 0-1

[Event "MCR mladeze 2019 - H10"]
[Site "Kouty nad Desnou"]
[Date "2019.03.11"]
[Round "4"]
[White "Finek, Vaclav"]
[Black "Setina, Vaclav"]
[Result "1-0"]
[WhiteElo "1903"]
[BlackElo "1388"]
[EventDate "2019.03.09"]

1. d4  d5  2. c4  c6
3. Nf3  Nf6  4. e3
e6  5. Qc2  Nbd7
6. b3  Be7  7. Bb2
O-O  8. Nc3  a6
9. Be2  dxc4  10. bxc4  c5
11. O-O  b6  12. Rfd1
Qc7  13. d5  exd5
14. Nxd5  Nxd5  15. cxd5
Bf6  16. d6  Qb7
17. Bd3  Bxb2  18. Bxh7+
Kh8  19. Be4  Qa7
20. Qxb2  Bb7  21. Qc2
Bxe4  22. Qxe4  Nf6
23. Qh4+  Kg8  24. e4
Qd7  25. e5  Nh7
26. Rac1  Rfc8  27. Ng5
Nxg5  28. Qxg5  g6
29. Rd3  Qd8  30. Qxd8+
Rxd8  31. f4  Kf8
32. a4  Rab8  33. Kf2
Ke8  34. Rdc3  a5
35. h3  Rdc8  36. Rb1
Kd7  37. Ke3  Kc6
38. Rb5  Re8  39. Rd3
Rbd8  40. Kf3  f6
41. exf6  Rf8  42. Rdb3
Rb8  43. d7  Kc7
44. d8=Q+  Rfxd8  45. Kg4
Rd5  46. Re3  Kd7
47. Re7+  Kd6  48. Rb3
Rd2  49. g3  c4
50. Rbe3  Kc5  51. Re8  Rdd8
52. f7  Rxe8  53. Rxe8
Rxe8  54. fxe8=Q  Kb4
55. Qxg6  Kxa4  56. Qxb6
c3  57. Qb1  Ka3
58. Qc2  Kb4  59. Kf3
a4  60. Ke3  a3
61. Kd3  a2  62. Qxa2  Kc5
63. Kxc3  Kd6  64. Kd4
Ke7  65. Ke5  Kd7
66. Qa6  Ke7  67. Qb7+
Kf8  1-0

[Event "MCR mladeze 2019 - H10"]
[Site "Kouty nad Desnou"]
[Date "2019.03.11"]
[Round "4"]
[White "Juhanak, Daniel"]
[Black "Jasso, Matej"]
[Result "1-0"]
[WhiteElo "1586"]
[BlackElo "1343"]
[EventDate "2019.03.09"]

1. d4  d5  2. Nf3  Nf6
3. c4  c6  4. g3
Bf5  5. Bg2  e6
6. Nbd2  Nbd7  7. O-O  Be7
8. b3  O-O  9. Bb2
h6  10. Rc1  Rc8
11. e3  Re8  12. Qe2
Bf8  13. Rfd1  Qb6
14. Ne5  Nxe5  15. dxe5
Nd7  16. e4  dxe4
17. Bxe4  Qa5  18. Bc3
Qc7  19. f4  Bxe4
20. Nxe4  Nc5  21. Nd6
Bxd6  22. exd6  Qb6
23. Bd4  Rcd8  24. Qe5
f6  25. Qxc5  Qa6
26. Qxa7  Rxd6  27. Qxa6
bxa6  28. Bb6  Rxd1+
29. Rxd1  Kh7  30. Rd6
e5  31. fxe5  Rxe5
32. Kf1  Rh5  33. h4
Rf5+  34. Bf2  Kg6
35. Rxc6  Kh5  36. Rc5
Rxc5  37. Bxc5  g5
38. hxg5  fxg5  39. Bf8
Kg4  40. Bxh6  Kf3
41. Bxg5  Kxg3  42. c5
a5  43. c6  a4
44. c7  axb3  45. axb3  Kh3
46. c8=Q+  Kh2  47. Qg4
Kh1  48. Qg1#  1-0

[Event "MCR mladeze 2019 - H10"]
[Site "Kouty nad Desnou"]
[Date "2019.03.11"]
[Round "4"]
[White "Garabik, Marek"]
[Black "Veverka, Vladimir"]
[Result "0-1"]
[WhiteElo "1355"]
[BlackElo "1347"]
[EventDate "2019.03.09"]

1. d4  Nf6  2. Nf3  d5
3. Bf4  Bf5  4. c4
e6  5. Qb3  b6
6. cxd5  Nxd5  7. Bd2  c5
8. Ne5  Bd6  9. Qb5+
Nd7  10. Qxd7+  Qxd7
11. Nxd7  Kxd7  12. f3
cxd4  13. Na3  Bxa3
14. bxa3  Rac8  15. g4
Bg6  16. Bg2  Rc2
17. Bb4  Rhc8  18. Kf2
Nf4  19. Bf1  d3
20. Ke3  dxe2  21. Kxf4
exf1=Q 22. Rhxf1  Rxh2  23. Ke3
Rcc2  24. Rfd1+  Ke8
25. Rac1  Rxc1  26. Rxc1
Rc2  27. Rxc2  Bxc2
28. Bc3  f6  29. g5
Kf7  30. gxf6  gxf6
31. Kf4  Bb1  32. Kg4
Bxa2  33. Kh5  Bd5
34. Kg4  h5+  35. Kxh5
Bxf3+  36. Kh4  e5
37. Kg3  Bd5  38. Kf2
Ke6  39. Bb4  a5
40. Bf8  b5  41. Bc5
f5  42. Bb6  b4
43. Bxa5  bxa3  44. Bc3  a2
45. Ke3  f4+  46. Ke2
Kf5  47. Kf2  e4
48. Bd4  e3+  49. Ke2
Ke4  50. Bb6  f3+
0-1

[Event "MCR mladeze 2019 - H10"]
[Site "Kouty nad Desnou"]
[Date "2019.03.11"]
[Round "4"]
[White "Hobza, Richard"]
[Black "Zelba, Lukas"]
[Result "0-1"]
[WhiteElo "1116"]
[BlackElo "1218"]
[EventDate "2019.03.09"]

1. e4  d5  2. exd5  Nf6
3. Nc3  Nxd5  4. Nxd5
Qxd5  5. Nf3  Nc6
6. h3  Bf5  7. Be2
e5  8. d3  Bc5
9. O-O  O-O  10. Bd2  Rad8
11. Bc3  f6  12. b3
Kh8  13. a4  Qe6
14. Re1  Rfe8  15. Nd2
Nd4  16. Bxd4  Bxd4
17. Rb1  Bc3  18. Rf1
a5  19. Nc4  b6
20. Qc1  e4  21. dxe4  Bxe4
22. Ne3  Bd2  23. Qb2
Bxe3  24. fxe3  Rd2
25. Rf2  Rxc2  26. Qa1
Qe5  27. Qxe5  Rxe5
28. Rd1  Rd5  29. Rxd5
Bxd5  30. Bd1  Rxf2
31. Kxf2  Kg8  32. g3
Kf7  33. Ke2  Be6
34. h4  Bg4+  35. Kd2
Bxd1  36. Kxd1  Ke6
37. Ke2  Ke5  38. Kf3
f5  39. Ke2  0-1

[Event "MCR mladeze 2019 - H10"]
[Site "Kouty nad Desnou"]
[Date "2019.03.11"]
[Round "4"]
[White "Novotny, Petr"]
[Black "Zemek, Antonin"]
[Result "0-1"]
[WhiteElo "1026"]
[BlackElo "1177"]
[EventDate "2019.03.09"]

1. e4  e5  2. Nf3  Nf6
3. Nxe5  d6  4. Nf3
Nxe4  5. d4  d5
6. Bd3  Bg4  7. h3  Bh5
8. O-O  Be7  9. Bf4
Nc6  10. Be2  O-O
11. Nbd2  f5 12. Be3  f4
13. Bxf4  Rxf4  14. c3
Nxd2  15. Qxd2  Bxf3
16. Bxf3  Bg5  17. Qd3
Qf6  18. Qb5  Rb8
19. Bxd5+  Kh8  20. Bxc6
Rf5  21. Qd3  bxc6
22. Rae1  Qg6  23. Re2
Bh4  24. Rfe1  Rbf8
25. g3  h6  26. Re5
Rxe5  27. Qxg6  Rxe1+
28. Kg2  Re2  29. gxh4
Rexf2+  30. Kg3  R8f3+
31. Kg4  Rg2+  32. Kxf3
Rxg6  33. Kf4  Rg2
0-1

[Event "MCR mladeze 2019 - H12"]
[Site "Kouty nad Desnou"]
[Date "2019.03.11"]
[Round "4"]
[White "Lang, Simon"]
[Black "Nemec, Jachym"]
[Result "0-1"]
[WhiteElo "1448"]
[BlackElo "1820"]
[EventDate "2019.03.09"]

1. e4  c5  2. Nf3  d6
3. d4  cxd4  4. Nxd4
Nf6  5. f3  e5
6. Nb3  Be6  7. Bb5+  Nc6
8. Nc3  a6  9. Be2
d5  10. exd5  Nxd5
11. Bc4  Qh4+  12. g3
Qxc4  13. Nd2  Qxc3
14. bxc3  Nxc3  15. Bb2
Nxd1  16. Rxd1  O-O-O
17. O-O  Bc5+  18. Kh1
Be3  19. Ne4  f5
20. Nc3  Bd4  21. Na4
Bxb2  22. Nxb2  Rxd1
23. Rxd1  Rd8  24. Re1
Bxa2  25. Nd3  Bd5
26. Kg2  e4  27. fxe4
Bxe4+  0-1

[Event "MCR mladeze 2019 - H12"]
[Site "Kouty nad Desnou"]
[Date "2019.03.11"]
[Round "4"]
[White "Mohapl, Tomas"]
[Black "Janous, Marek"]
[Result "0-1"]
[WhiteElo "1575"]
[BlackElo "1663"]
[EventDate "2019.03.09"]

1. e4  c5  2. Nf3  d6
3. d4  cxd4  4. Nxd4
Nf6  5. Nc3  a6
6. f3  e5  7. Nb3  Be6
8. Be3  Be7  9. Qd2
Nbd7  10. O-O-O  h5
11. h3  h4  12. Qf2
b5  13. g3  hxg3
14. Qxg3  g6  15. Qh2
Rc8  16. Kb1  Qc7
17. Rc1  Nb6  18. Nd2
b4  19. Nd1  a5
20. Qg1  Nbd7  21. f4  exf4
22. Bxf4  Nc5  23. Nf2
a4  24. c3  bxc3
25. Rxc3  Rb8  26. Nd3
Qb7  27. Rxc5  dxc5
28. Bxb8  Qxb8  29. Nxc5
a3  30. b3  Qe5
31. Nd3  Qc3  32. Qe3  Ng4
33. Qe1  Bb4  34. Nf3
Qxd3+  35. Bxd3  Bxe1
36. Bb5+  Bd7  37. Bxd7+
Kxd7  38. Rxe1  Rxh3
39. Ng5  Rh5  40. Nf3
Ne5  41. Nd4  Nd3
42. Rf1  Nb4  43. Nc2
Nxc2  44. Kxc2  Rh2+
45. Kb1  Ke6  46. Re1
Ke5  47. Rf1  Rb2+
48. Kc1  f6  49. Rd1
Rxa2  50. Rd5+  Kxe4
51. Ra5  f5  52. b4
Rb2  53. b5  Rb4
54. Rxa3  Rxb5  55. Kd2
Rb4  56. Ke2  Rb2+
57. Kf1  g5  58. Ra4+
Kf3  59. Ra3+  Kg4
60. Ra4+  f4  61. Ra5
f3  62. Kg1  Kf4
63. Rc5  g4  64. Rc1
Kg3  65. Rd1  Rg2+
66. Kh1  Re2  67. Rg1+
Kh3  68. Rd1  g3
69. Rg1  g2+  70. Rxg2
fxg2+  0-1

[Event "MCR mladeze 2019 - H12"]
[Site "Kouty nad Desnou"]
[Date "2019.03.11"]
[Round "4"]
[White "Paseka, Matyas"]
[Black "Fizer, Marek"]
[Result "1-0"]
[WhiteElo "1929"]
[BlackElo "1628"]
[EventDate "2019.03.09"]

1. e4  c5  2. Nf3  d6
3. d4  cxd4  4. Nxd4
Nf6  5. Nc3  Nc6
6. Bg5  e6  7. Qd2
a6  8. O-O-O  Bd7
9. f3  b5  10. Nxc6
Bxc6  11. Kb1  Qb6
12. Bxf6  gxf6  13. Ne2
e5  14. Ng3  h5
15. Nf5  Rd8  16. Bd3  Bd7
17. Ne3  Be6  18. Nd5
Bxd5  19. exd5  Bh6
20. Qe2  Qe3 21. Qxe3  Bxe3
22. Rhe1  Bb6  23. a4
bxa4  24. Re4  a3
25. bxa3  Bc5  26. Ra4
Rb8+  27. Ka2  Rg8
28. g3  Rb6  29. Bxa6
Ke7  30. Bc4  Rgb8
31. Bb3  Bd4  32. Re1
Kd7  33. Re4  Rc8
34. Rh4  Rc3  35. Rxh5
Rb7  36. Rf5  Ke7
37. Rb4  Rbc7  38. h4
Re3  39. c4  Re2+
40. Kb1  Bc5  41. Rb8
Bxa3  42. Ba4  Rd7
43. Bxd7  Kxd7  44. Rb7+
Ke8  45. Rxf6  Re1+
46. Ka2  Bc5  47. Rbxf7
Kd8  48. Rh6  Re2+
49. Kb3  1-0

[Event "MCR mladeze 2019 - H12"]
[Site "Kouty nad Desnou"]
[Date "2019.03.11"]
[Round "4"]
[White "Smolik, Jachym"]
[Black "Brozka, Karel"]
[Result "1-0"]
[WhiteElo "1698"]
[BlackElo "1863"]
[EventDate "2019.03.09"]

1. d4  Nf6  2. Nf3  g6
3. c3  Bg7  4. Bf4
d5  5. e3  Bf5
6. Bd3  Bxd3  7. Qxd3  c6
8. Nbd2  Nbd7  9. h3
Qb6  10. Qc2  c5
11. Ne5  O-O  12. O-O
Rfc8  13. Qb3  Qxb3
14. Nxb3  e6  15. g4
Nxe5  16. Bxe5  cxd4
17. exd4  Ne4  18. Bxg7
Kxg7  19. f3  Nd6
20. Nc5  b6  21. Nd3
Rab8  22. Rf2  Rc7
23. Kh2  Rc6  24. Raf1
b5  25. f4  a5
26. a3  Ne4  27. Rg2  Kf6
28. f5  exf5  29. gxf5
gxf5  30. Ne5  Rc7
31. Ng4+  Ke6  32. Ne3
f4  33. Rxf4  b4
34. c4  Nd6  35. cxd5+
Ke7  36. Re2  Kd7
37. Ng4  bxa3  38. bxa3
Rb5  39. a4  Rb4
40. Ne5+  Kc8  41. Rf6
Nc4  42. d6  Ra7
43. d7+  Rxd7  44. Nxd7
Kxd7  45. Rxf7+  Kd6
46. Rxh7  Rxa4  47. Rh5
Ra1  48. Rg2  Re1
49. Rg6+  Ke7  50. Rh7+
Kf8  51. Rc6  Nd2
52. Rc8+  Re8  53. Rh8+
1-0

[Event "MCR mladeze 2019 - H12"]
[Site "Kouty nad Desnou"]
[Date "2019.03.11"]
[Round "4"]
[White "Day, Tobias"]
[Black "Werner, Hong Quan Dan"]
[Result "0-1"]
[WhiteElo "1440"]
[BlackElo "1723"]
[EventDate "2019.03.09"]

1. e4  e5  2. Nf3  Nc6
3. Bc4  Nf6  4. d3
Bc5  5. c3  d6
6. Nbd2  Be6  7. b4  Bb6
8. a4  a6  9. Qb3
Bxc4  10. Nxc4  Ba7 11. O-O O-O
12. Bg5  h6  13. Bh4
Qe7  14. Rfe1  Qe6
15. Qb2  Ne7  16. Ncd2
Ng6  17. Bg3  Nh5
18. d4  Ngf4  19. Qc2
Qg6  20. b5  Rfe8
21. Nc4  Rad8  22. Na5
axb5  23. axb5  Bb6
24. Nc4  Qg4  25. Nxb6
cxb6  26. Qd1  Rc8
27. Rc1  Nxg3  28. hxg3
Ng6  29. Nd2  Qd7
30. Qb3  Qc7  31. d5
Nf8  32. Qb4  Nd7
33. Nb3  Nc5  34. Rc2
Nd3  35. Qa3  Ra8
36. Ra1  Rxa3  37. Rxa3
Qc4  38. Nd2  Qc5
39. Rca2  Qxf2+  40. Kh2
Qf6  41. Nc4  Nc5
42. Nxb6  Kh7  43. Ra7
Rb8  44. Kg1  Qg5
45. Kh2  Qe3  46. Nc4
Qxe4  47. Nxd6  Qxd5
48. Nf5  Qd3  49. Nh4
Qxb5  50. Nf3  f6
51. R7a5  Qc6  52. Nh4
Rd8  53. c4  Ne6
54. R5a4  Rd4  55. Ra7
Rxc4  56. Rb2  b5
57. Rd2  Nd4  58. Rda2
Rc2  59. R2a6  Qxa6
60. Rxa6  b4  61. Rb6
e4  62. Rxb4  Rd2
63. Kg1  e3  64. Nf3
Rd1+  65. Kh2  Nxf3+
66. gxf3  e2 67. Rb5 0-1

[Event "MCR mladeze 2019 - H12"]
[Site "Kouty nad Desnou"]
[Date "2019.03.11"]
[Round "4"]
[White "Hladky, Tadeas"]
[Black "Vasinek, Martin"]
[Result "0-1"]
[WhiteElo "1700"]
[BlackElo "1406"]
[EventDate "2019.03.09"]

1. e4  c5  2. Nc3  Nc6
3. Bb5  g6  4. f4
Bg7  5. Bxc6  bxc6
6. Nf3  Nf6  7. O-O
O-O  8. d3  Qa5
9. Bd2  Qb6  10. Na4  Qc7
11. Rb1  Ba6  12. b3
Bb5  13. Nb2  Qb6
14. Be3  Ng4  15. Qe1
Nxe3  16. Qxe3  c4
17. Qxb6  axb6  18. bxc4
Rxa2  19. cxb5  Bxb2
20. Rf2  Ra1  21. Rxa1
Bxa1  22. bxc6  dxc6
23. Rf1  Bc3  24. Rb1
b5  25. Kf2  Ra8
26. Ke2  b4  27. d4
Ra2  28. Kd3  Ra8
29. Ng1  Rd8  30. Ne2
Bxd4  31. Nxd4  c5
32. Kc4  Rxd4+  33. Kxc5
Rd2  34. Kxb4  Rxc2
35. Rg1  Re2  36. Kc3
Rxe4  37. g3  Kg7
38. Kd3  Ra4  39. Re1
Ra2  40. Rxe7  Rxh2
41. Re1  Rg2  42. Re3
f5  43. Kd4  Kh6
44. Rc3  Kh5  45. Rc7
h6  46. Ke5  Rxg3
47. Rg7  Ra3  48. Rh7
Re3+  0-1

[Event "MCR mladeze 2019 - H12"]
[Site "Kouty nad Desnou"]
[Date "2019.03.11"]
[Round "4"]
[White "Kubin, Tomas Daniel"]
[Black "Dolensky, Filip"]
[Result "1-0"]
[WhiteElo "1415"]
[BlackElo "1698"]
[EventDate "2019.03.09"]

1. e4  c5  2. Nf3  a6
3. Nc3  e6  4. d4
cxd4  5. Nxd4  Qc7
6. Be3  Nf6  7. a3
b6  8. Bd3  Bb7
9. O-O  d6  10. f4  Nbd7
11. Nb3  Nc5  12. Nxc5
bxc5  13. Qe2  Be7
14. Rae1  O-O  15. Bd2
Rfe8  16. e5  Nd7
17. exd6  Qxd6  18. Ne4
Qb6  19. Kh1  Nf6
20. Bc3  Nd5  21. Qh5
g6  22. Qh6  Nxc3
23. bxc3  Bxe4  24. Bxe4
Rab8  25. g4  Bf8
26. Qh3  Re7  27. f5
exf5  28. gxf5  Rbe8
29. fxg6  fxg6  30. Bd5+
Kg7  31. Rxe7+  Rxe7
32. Qc8  Kh6  33. Qxf8+
Rg7  34. Qf4+  g5
35. Qf6+  Rg6  36. Qf8+
Kh5  37. Qf3+  g4
38. Qf5+  Kh4  39. Qf2+
Kh5  40. Bf7  Qb5
41. Bxg6+  hxg6  42. Qg2
g5  43. Rg1  Qd7
44. h3  Kg6  45. Qxg4
1-0

[Event "MCR mladeze 2019 - H12"]
[Site "Kouty nad Desnou"]
[Date "2019.03.11"]
[Round "4"]
[White "Buchta, Bartolomej"]
[Black "Prazak, Daniel"]
[Result "1/2-1/2"]
[WhiteElo "1648"]
[BlackElo "1547"]
[EventDate "2019.03.09"]

1. e4  e6  2. d4  d5
3. e5  c5  4. c3
Nc6  5. Nf3  Bd7
6. Be2  Nge7  7. O-O
cxd4  8. cxd4  Ng6
9. Qb3  Qc7  10. Bd2
Be7  11. Na3  O-O
12. Rac1  f6  13. Bd3
Qb6  14. Bxg6  hxg6
15. Bc3  Rac8  16. Qxb6
axb6  17. Nc2  b5
18. a3  b6  19. Nfe1
Na5  20. Bxa5  bxa5
21. Nd3  Rc7  22. Na1
Rc4  23. Nb3  Rfc8
24. Nbc5  Bxc5  25. Nxc5
Rc7  26. Rxc4  bxc4
27. f4  Kf7  28. Kf2
Bc8  29. Ke3  Rc6
30. Kd2  Ke7  31. Rb1
Bd7  32. b3  Rb6
33. b4  a4  34. Nxd7
Kxd7  35. b5  Rb8
36. Kc3  Kc7  37. Kb4
Ra8  38. Kc5  f5
39. b6+  Kb7  40. Kd6
Ra6  41. Kxe6  Rxb6+
42. Rxb6+  Kxb6  43. Kxd5
c3 1/2-1/2

[Event "MCR mladeze 2019 - H12"]
[Site "Kouty nad Desnou"]
[Date "2019.03.11"]
[Round "4"]
[White "Pressler, Tobias"]
[Black "Soucek, Jan"]
[Result "1-0"]
[WhiteElo "1509"]
[BlackElo "1573"]
[EventDate "2019.03.09"]

1. e4  e5  2. Nf3  Nc6 3. d4
exd4  4. Nxd4  Bc5
5. Be3  Qf6  6. c3
Nge7  7. Be2  O-O
8. O-O  d5  9. Nxc6
Qxc6  10. exd5  Nxd5
11. Bxc5  Qxc5  12. Nd2
Bf5  13. Nb3  Qd6
14. Nd4  Bg6  15. Nb5
Qc5  16. Qb3  Be4
17. g3  Qb6  18. Nd4
Nf4  19. Bg4  Qg6
20. f3  Qxg4  21. fxe4
Nh3+  22. Kg2  Ng5
23. Rf4  Qh3+  24. Kg1
Qd7  25. Rd1  Nh3+
26. Kh1  Nxf4  27. gxf4
Rad8  28. Rg1  Qh3
29. Qb5  Rd6  30. f5
Qe3  31. Qe5  Qh6
32. b4  Qf6  33. Qg3
Re8  34. Ne6  Rd7
35. Nxg7  Kf8  36. Nxe8
Kxe8  37. Qf4  a5
38. b5  Qxc3  39. Rg8+
Ke7  40. f6+  1-0